000 00650nam a2200241Ia 4500
003 OSt
005 20220924132623.0
006 a|||||r|||| 00| 0
007 ta
008 220923b |||||||| |||| 00| 0 san d
024 _a74759
037 _cTextual
040 _aARTS
_cARTS
_bsan
041 _2san
_asan
082 _aR641xK50:1x, 15F4
100 _aKhandadeva
_98262
245 0 _aMimamsa kaustubha, ed by A Chinnaswami Sastri
260 _c1924
490 _aChowkhamba sanskrit series; 303,310,326
650 _aBHATT MIMAMSA
942 _hR641xK50:1x, 15F4
_cTEXL
_2CC
999 _c430894
_d430894